Portrait of a Blank Slate- Lovejoy - Statistics

General Stats
  • This quiz has been taken 31 times
  • The average score is 234 of 331
Answer Stats
Answer % Correct
a
92%
happy
92%
I
92%
I'm
92%
in
92%
know
92%
make
92%
me
92%
me,
92%
Oh,
92%
Oh
92%
picture
92%
so
92%
So
92%
the
92%
to
92%
We
92%
you
92%
You
92%
an
83%
and
83%
came
83%
camera
83%
cool
83%
could
83%
dead
83%
do
83%
He
83%
he
83%
no
83%
now
83%
phone
83%
Pick
83%
plastic
83%
pretty
83%
such
83%
temple
83%
told
83%
up
83%
everything
75%
get
75%
he's
75%
indulgences
75%
it
75%
just
75%
kill
75%
much
75%
my
75%
once
75%
paint
75%
says
75%
take
75%
that
75%
what
75%
across
67%
Across
67%
blow
67%
call
67%
for?
67%
for
67%
her,
67%
her
67%
like
67%
said
67%
same
67%
sharp
67%
wrapped
67%
your
67%
act
58%
all
58%
always
58%
around
58%
artist,
58%
at
58%
But
58%
chest
58%
Don't
58%
easy?
58%
expect
58%
heart
58%
here
58%
here,
58%
How
58%
how
58%
I'll
58%
it's
58%
It's
58%
let
58%
look
58%
mind
58%
one
58%
open
58%
parties,
58%
"please
58%
"Please
58%
point
58%
quickly
58%
scares
58%
She's
58%
silent
58%
some
58%
stay"
58%
stay,
58%
stay
58%
type
58%
wait
58%
Wake
58%
want
58%
With
58%
be
50%
bores
50%
boring
50%
broke
50%
gets
50%
Goes
50%
got
50%
guess
50%
guests
50%
hotel
50%
I've
50%
life
50%
lives
50%
Monday,
50%
name
50%
over
50%
own
50%
Paints
50%
retrospect
50%
searching
50%
feel
42%
his
42%
If
42%
insecurities
42%
of
42%
they
42%
world
42%
as
33%
Taught
33%
architect
25%
better
25%
Breaks
25%
disappear
25%
down
25%
Float,
25%
Flotsam
25%
from
25%
knew
25%
only
25%
slowly
25%
sorry,
25%
things
25%
week
25%
action
17%
Another
17%
by
17%
can
17%
Pier
17%
predictable
17%
predictable,
17%
West
17%
hypoglycaemic
8%
reaction
8%
Watched
8%
No matching quizzes found
Score Distribution
Percent of People with Each Score
Percentile by Number Answered
Your Score History
You have not taken this quiz